Eastern Utah Libraries Catalog: Duchesne, Heber, Roosevelt, & Vernal

I escaped the California camp fire : (Record no. 406318)

MARC details
000 -LEADER
fixed length control field 02519cam a22004453i 4500
001 - CONTROL NUMBER
control field 1468467813
003 - CONTROL NUMBER IDENTIFIER
control field OCoLC
005 - DATE AND TIME OF LATEST TRANSACTION
control field 20250401163450.0
008 - FIXED-LENGTH DATA ELEMENTS--GENERAL INFORMATION
fixed length control field 241107s2025 mnua j 000 1 eng d
010 ## - LIBRARY OF CONGRESS CONTROL NUMBER
LC control number 2024938540
020 ## - INTERNATIONAL STANDARD BOOK NUMBER
International Standard Book Number 9781098255275
Qualifying information (library binding)
020 ## - INTERNATIONAL STANDARD BOOK NUMBER
International Standard Book Number 1098255275
Qualifying information (library binding)
035 ## - SYSTEM CONTROL NUMBER
System control number (OCoLC)1468467813
040 ## - CATALOGING SOURCE
Original cataloging agency IG#
Language of cataloging eng
Description conventions rda
Transcribing agency IG#
Modifying agency OCLCO
-- OCLCQ
-- OJ4
-- EB$
-- OCLCO
-- SO$
092 ## - LOCALLY ASSIGNED DEWEY CALL NUMBER (OCLC)
Filing suffix J
Classification number BROWN
100 1# - MAIN ENTRY--PERSONAL NAME
Personal name Brown, S. D.
Titles and other words associated with a name (Author at Best Day Books for Young Readers),
Relator term author.
9 (RLIN) 6542028
245 10 - TITLE STATEMENT
Title I escaped the California camp fire :
Remainder of title America's dealiest fire /
Statement of responsibility, etc SD Brown, Scott Peters.
246 30 - VARYING FORM OF TITLE
Title proper/short title California camp fire: America's deadliest fire.
246 30 - VARYING FORM OF TITLE
Title proper/short title America's dealiest fire.
264 #1 - Production, Publication, Distribution, Manufacture, and Copyright Notice.
Place of production, publication, distribution, manufacture North Mankato, MN :
Name of producer, publisher, distributor, manufacturer Best day books;
Place of production, publication, distribution, manufacture Minneapolis, Minnesota :
Name of producer, publisher, distributor, manufacturer Abdo Spotlight,
Date of production, publication, distribution, manufacture, or copyr 2025.
300 ## - PHYSICAL DESCRIPTION
Extent 112 pages :
Other physical details illustrations ;
Dimensions 24 cm.
336 ## - Content Type
Content type term text
337 ## - Media type
Media type term unmediated
338 ## - Carrier type
Carrier type term volume
490 1# - SERIES STATEMENT
Series statement I Escaped.
520 ## - SUMMARY, ETC.
Summary, etc "14-year-old Troy embarks on a harrowing journey to protect his kid sister during the catastrophic Camp Fire in Paradise, California. Initially thinking it's just a regular night, the terrifying truth hits home: their town is engulfed in flames. Worse, his parents are away, leaving him alone to babysit. Trapped, with the fire closing in, Troy faces a daunting challenge. He's just a teenager, way out of his depth, yet he knows he must act. Navigating the engulfing smoke and approaching flames, Troy races against time, leading his sister, dog, and cat to safety. With each step, the fire's heat intensifies, setting the stage for a breathtaking escape. On November 8, 2018, a wildfire engulfed the town of Paradise, California, marking a devastating chapter in American history. This story captures the resilience and courage of those who lived through this catastrophic event." --
521 1# - TARGET AUDIENCE NOTE
Target audience note 07-12.
521 2# - TARGET AUDIENCE NOTE
Target audience note 02-07.
650 #0 - SUBJECT ADDED ENTRY--TOPICAL TERM
Topical term or geographic name as entry element Wildfires
Geographic subdivision California
Form subdivision Juvenile fiction.
9 (RLIN) 5747794
650 #0 - SUBJECT ADDED ENTRY--TOPICAL TERM
Topical term or geographic name as entry element Survival
Form subdivision Juvenile fiction.
9 (RLIN) 5674045
650 #0 - SUBJECT ADDED ENTRY--TOPICAL TERM
Topical term or geographic name as entry element Siblings
Form subdivision Juvenile fiction.
9 (RLIN) 6400603
651 #0 - SUBJECT ADDED ENTRY--GEOGRAPHIC NAME
Geographic name California
Form subdivision Juvenile fiction.
9 (RLIN) 5705374
655 #7 - INDEX TERM--GENRE/FORM
Genre/form data or focus term Survival fiction.
Source of term lcgft.
9 (RLIN) 6476744
655 #7 - INDEX TERM--GENRE/FORM
Genre/form data or focus term Historical fiction.
Source of term lcgft.
655 #7 - INDEX TERM--GENRE/FORM
Genre/form data or focus term Action and adventure fiction.
Source of term lcgft.
700 1# - ADDED ENTRY--PERSONAL NAME
Personal name Peters, Scott,
Relator term author.
9 (RLIN) 4273
830 #0 - SERIES ADDED ENTRY--UNIFORM TITLE
Uniform title I escaped (Spotlight (Firm))
9 (RLIN) 6542030
907 ## - LOCAL DATA ELEMENT G, LDG (RLIN)
a .b494876049
942 ## - ADDED ENTRY ELEMENTS (KOHA)
Source of classification or shelving scheme Dewey Decimal Classification
Koha item type BOOK
Holdings
Withdrawn status Lost status Source of classification or shelving scheme Damaged status Not for loan Collection code Home library Current library Shelving location Date acquired Source of acquisition Total Checkouts Full call number Barcode Date last seen Date checked out Cost, replacement price Price effective from Koha item type
    Dewey Decimal Classification     Junior Fiction Wasatch County Library Wasatch County Library Main Floor Junior Area 06/19/2025 KidsReference 1 J Peters 34301002158345 07/08/2025 06/23/2025 24.95 06/19/2025 BOOK
This project was made possible through a grant from the Institute of Museum and Library Service administered by the Utah State Library Division.

Wasatch County Library

  • 465 East 1200 South, Heber City, Utah 84032
  • Phone 435-654-1511 | Fax 435-654-6456

Hours

  • Monday - Friday 9:30 AM - 8:00 PM
  • Saturday 9:30 AM - 1:30 PM
  • Closed Sundays and Holidays